|
|
|
|
| LEADER |
00644nta a2200193 i 4500 |
| 001 |
dipl116205 |
| 005 |
20220125081200.0 |
| 008 |
210602s1942 hu om 0|| zxx d |
| 040 |
|
|
|a SZTE Diploma Repozitórium
|b hun
|
| 041 |
|
|
|a zxx
|
| 100 |
1 |
|
|a Várnai Gyula
|
| 245 |
1 |
0 |
|a Csepelsziget és környéke
|h [elektronikus dokumentum] /
|c Gyula Várnai
|
| 260 |
|
|
|c 1942
|
| 650 |
|
4 |
|a Pedagógusképzés
|
| 650 |
|
4 |
|a Natural sciences
|
| 650 |
|
4 |
|a Earth and related environmental sciences
|
| 650 |
|
4 |
|a Physical geography
|
| 700 |
1 |
|
|a nincs megadva
|e ths
|
| 856 |
4 |
0 |
|u http://diploma.bibl.u-szeged.hu/id/eprint/116205/1/1942_varnai_gyula.pdf
|z Dokumentum-elérés
|